01579nam a2200385Ia 4500001001200000003000800012006001900020007001500039008004100054010001700095020004300112020002600155040002100181035002100202050002700223082002000250100002400270240002800294245011200322260003900434300003200473490004200505500008700547504005100634533015200685650003900837650004200876650003000918650001800948650003800966655002901004710001701033856012601050999001701176ebr10620910CaPaEBRm u cr cn|||||||||120702s2012 enkac sb 001 0 eng d z 2012026997 z9781409437024 (hardcover : alk. paper) z9781409437031 (ebook) aCaPaEBRcCaPaEBR a(OCoLC)82081631514aML3534b.L42813 2012eb04a781.64086/62231 aLeibetseder, Doris.10aQueere tracks.lEnglish10aQueer tracksh[electronic resource] :bsubversive strategies in rock and pop music /cby Doris Leibetseder. aSurrey, England :bAshgate,c2012. axii, 224 p. :bill., ports.0 aAshgate popular and folk music series aRevised translation of Queere Tracks. Subversive Strategien in Rock- und Popmusik. aIncludes bibliographical references and index. aElectronic reproduction.bPalo Alto, Calif. :cebrary,d2011.nAvailable via World Wide Web.nAccess may be limited to ebrary affiliated libraries. 0aRock musicxHistory and criticism. 0aPopular musicxHistory and criticism. 0aGender identity in music. 0aQueer theory. 0aMusicxPhilosophy and aesthetics. 7aElectronic books.2local2 aebrary, Inc.40uhttp://site.ebrary.com/lib/rucke/Doc?id=10620910zAn electronic book accessible through the World Wide Web; click to view c53951d53951